000 00669nas a2200229 4500
001 BR8903930
003 BR-BrBNA
005 20231205091643.0
007 ta
008 230509b bl.|||p| |||| 00| 00por d
040 _aBR-BrBNA
_bpor
_cBiblioteca Nacional de Agricultura
041 _a(Pt)
072 _aA50
100 1 _aDalmazo, N.L.
245 1 _aPesquisa em propriedades com arroz nas Filipinas e no IRRI
650 _aPESQUISA AGRICOLA
650 _aARROZ
650 _aFILIPINAS
773 0 _tLavoura Arrozeira (Brazil)
_xISSN 0023-9143
_g(Mar-Apr 1989), v. 42(384) p. 3-7
_wBR8903930
909 _a202311
_bLúcia
_c55
_dLúcia Elande
942 _2AGRIS
_n0
_cANA
999 _c126462
_d126462